000 00894njm a22002657a 4500
005 20100903121329.0
007 sd ammalaaahaa
008 100830t xxu||||| |||| 00| 0 hin d
028 _a3737
_bCapital
028 _a17053
_bCapital
028 _a14557
_bCapital
035 _aGR-493
040 _aSED/VEN
100 _917458
_aCole, Net King
245 _aMy personal possesion part 1 :
_cby Pat Boone
_h[Sound recording] :
_bcharies singleton-rose marie McCoy /
246 _a
260 _aDum Dum, India
_bCapital
300 _a1 Sound disc [Gramophone Record] :
_banlog, 33 1/3 rpm
_c10 in (LP)
_fGramophone Records
500 _aBrief record
505 _aSend for me (Ollie Jones)
650 _aRiddle's Music
_91186
_zIndia
_xExcerpts
700 _917459
942 _2ddc
_cGR
999 _c43537
_d43537